000 01014cam a22003251 4500
999 _c200449357
_d67569
001 200449357
003 TR-AnTOB
005 20220801161137.0
007 ta
008 740514s1988 lu 000 0 eng
035 _a(TR-AnTOB)200449357
040 _aTR-AnTOB
_beng
_erda
_cTR-AnTOB
041 0 _aeng
050 4 _aKKK320.9
_b.L89 1988
090 _aKKK320.9
_b.L89 1988
245 1 0 _aLuxembourg :
_bideal location for your development plans.
246 3 3 _aInvestment in Luxembourg
264 1 _aLuxembourg :
_bChambre de commerce du Grand-duché de Luxembourg,
_c1988.
300 _a124 pages ;
_c23 cm.
336 _atext
_btxt
_2rdacontent
337 _aunmediated
_bn
_2rdamedia
338 _avolume
_bnc
_2rdacarrier
490 0 _aManagement Guide
500 _aIncludes index.
650 0 _aInvestments, Foreign
_zLuxembourg
_9121108
710 2 _aChambre de commerce du Grand-duché de Luxembourg
_9137928
942 _2lcc
_cBK